[Event "3rd Ideon Andron Open 2014"]
[Site "Anogia GRE"]
[Date "2014.08.05"]
[Round "8.4"]
[White "Kasparov, Sergey"]
[Black "Antic, Dejan"]
[Result "1/2-1/2"]
[WhiteTitle "GM"]
[BlackTitle "GM"]
[WhiteElo "2460"]
[BlackElo "2479"]
[WhiteFideId "13500481"]
[BlackFideId "901008"]
[EventDate "2014.07.30"]

1. e4 c5 2. Nf3 Nc6 3. Bb5 d6 4. O-O Bd7 5. c3 Nf6 6. Re1 a6 7. Ba4 b5 8. Bc2
Bg4 9. d3 e6 10. Nbd2 Be7 11. h3 Bh5 12. Nf1 d5 13. Ng3 Bg6 14. Nh4 dxe4 15.
Nxg6 hxg6 16. Nxe4 Nxe4 17. dxe4 Qc7 18. Qe2 O-O 19. e5 Rad8 20. g3 Rd5 21. Be4
Rd7 22. f4 c4 23. Be3 Na5 24. Rad1 Rfd8 25. Rxd7 Rxd7 26. Rd1 Nb7 27. Rxd7 Qxd7
28. Qf2 Qc7 29. Kg2 Nc5 30. Bxc5 Bxc5 31. Qd2 g5 32. fxg5 Qxe5 33. Qf4 Qxf4 34.
gxf4 Be3 35. Kf3 Bc1 36. Bb7 a5 37. Ba6 Bxb2 38. Bxb5 g6 1/2-1/2

[Event "3rd Ideon Andron Open 2014"]
[Site "Anogia GRE"]
[Date "2014.08.05"]
[Round "8.5"]
[White "Hristodoulou, Panagiotis"]
[Black "Goumas, Georgios"]
[Result "1/2-1/2"]
[WhiteElo "2242"]
[BlackElo "2371"]
[WhiteFideId "4214340"]
[BlackFideId "4208935"]
[EventDate "2014.07.30"]

1. e4 c5 2. Nf3 e6 3. d4 cxd4 4. Nxd4 a6 5. Bd3 g6 6. O-O Bg7 7. Nb3 Ne7 8. c4
Nbc6 9. Nc3 O-O 10. Be2 Qc7 11. Be3 b6 12. Qd2 f5 13. f3 Ne5 14. Rac1 Bb7 15.
Rfd1 Rad8 16. Qd6 1/2-1/2

[Event "3rd Ideon Andron Open 2014"]
[Site "Anogia GRE"]
[Date "2014.08.05"]
[Round "8.6"]
[White "Kourkoulos-Arditis, Stamatis"]
[Black "Galopoulos, Nikolaos"]
[Result "1-0"]
[WhiteTitle "FM"]
[WhiteElo "2330"]
[BlackElo "2361"]
[WhiteFideId "4221990"]
[BlackFideId "4208951"]
[EventDate "2014.07.30"]

1. c4 Nf6 2. Nf3 e6 3. g3 a6 4. Bg2 b5 5. b3 Bb7 6. O-O c5 7. Nc3 Qb6 8. d3 Be7
9. e4 d6 10. e5 dxe5 11. Nxe5 Bxg2 12. Kxg2 O-O 13. Qf3 Nbd7 14. Nxd7 Nxd7 15.
Be3 Bf6 16. Rac1 Ne5 17. Qe4 Nc6 18. cxb5 axb5 19. Nxb5 Qxb5 20. Rxc5 Qa6 21.
Rxc6 Qxa2 22. b4 Rab8 23. Bc5 Rfc8 24. Bd6 Rxc6 25. Qxc6 Rd8 26. b5 Bd4 27. Bc7
Rc8 28. b6 Bxb6 29. Qb7 1-0

[Event "3rd Ideon Andron Open 2014"]
[Site "Anogia GRE"]
[Date "2014.08.05"]
[Round "8.7"]
[White "Kotronias, Vasilios"]
[Black "Kostopoulos, Evaggelos"]
[Result "1-0"]
[WhiteTitle "GM"]
[WhiteElo "2564"]
[BlackElo "2135"]
[WhiteFideId "5900212"]
[BlackFideId "4208641"]
[EventDate "2014.07.30"]

1. e4 c5 2. Nf3 e6 3. d4 cxd4 4. Nxd4 Nc6 5. Nc3 Qc7 6. Be3 a6 7. Bd3 Nf6 8. O-O
Nxd4 9. Bxd4 Bc5 10. Bxc5 Qxc5 11. Qd2 d6 12. Rae1 e5 13. Re3 Be6 14. Be2 O-O
15. Rd1 Rfd8 16. Rd3 Bc4 17. Rf3 Bxe2 18. Qxe2 Rac8 19. Rxf6 gxf6 20. Qg4+ Kh8
21. Qh4 Rg8 22. Qxf6+ Rg7 23. Rxd6 b5 24. h4 h5 25. Nd5 Qd4 26. Qf3 Rg6 27. Rxg6
fxg6 28. Qf6+ Kh7 29. Qf7+ Kh6 30. Nf6 Rh8 31. Ng8+ Rxg8 32. Qxg8 1-0

[Event "3rd Ideon Andron Open 2014"]
[Site "Anogia GRE"]
[Date "2014.08.05"]
[Round "8.8"]
[White "Maris, Ioannis"]
[Black "Lirindzakis, Timotheos"]
[Result "0-1"]
[WhiteTitle "FM"]
[BlackTitle "IM"]
[WhiteElo "2039"]
[BlackElo "2271"]
[WhiteFideId "4201540"]
[BlackFideId "4200381"]
[EventDate "2014.07.30"]

1. Nf3 Nf6 2. g3 d5 3. Bg2 e6 4. O-O Be7 5. d3 O-O 6. Nbd2 c5 7. Re1 Nc6 8. e4
b5 9. e5 Nd7 10. Nf1 b4 11. h4 a5 12. Bf4 a4 13. Ne3 Ba6 14. h5 a3 15. b3 Rc8
16. g4 Nd4 17. Rc1 Nb5 18. Ra1 Nc3 19. Qd2 Nb6 20. g5 c4 21. Ng4 cxd3 22. cxd3
Nd7 23. Bf1 Re8 24. Nh4 d4 25. Nf3 Qb6 26. Nf6+ gxf6 27. gxf6 Nxf6 28. exf6 Bxf6
29. Be5 Qd8 30. Qh6 Bxe5 31. Rxe5 f6 32. Ng5 Qd7 33. Qxf6 Nd5 34. Qf3 Rf8 35.
Qg3 Kh8 36. h6 Rf6 37. Rae1 Rg8 38. Bg2 Nf4 39. R1e4 Nxg2 40. Rxe6 Rxe6 41. Rxe6
Qxe6 42. Nxe6 Rxg3 43. fxg3 Ne3 44. Nxd4 Bxd3 0-1

[Event "3rd Ideon Andron Open 2014"]
[Site "Anogia GRE"]
[Date "2014.08.05"]
[Round "8.9"]
[White "Papadogiannis, Sevastianos"]
[Black "Milonakis, Georgios"]
[Result "0-1"]
[WhiteElo "2054"]
[BlackElo "2151"]
[WhiteFideId "4239369"]
[BlackFideId "4206320"]
[EventDate "2014.07.30"]

1. e4 c5 2. Nf3 d6 3. Bb5+ Bd7 4. Bxd7+ Qxd7 5. c4 Nc6 6. Nc3 g6 7. d4 cxd4 8.
Nxd4 Bg7 9. Be3 Nf6 10. f3 O-O 11. O-O Rfe8 12. Rf2 Nxd4 13. Bxd4 Qc6 14. b3 Nh5
15. Rc1 Bh6 16. Nd5 Bxc1 17. Qxc1 e5 18. Be3 Re6 19. Rd2 Qd7 20. Qa3 Qc8 21. Nc3
a6 22. Nd5 Qc6 23. Qa5 Rc8 24. a4 f5 25. Nb6 Rce8 26. exf5 gxf5 27. b4 Rg6 28.
Kf1 Nf6 29. b5 axb5 30. axb5 Qc7 31. Qa2 Kh8 32. Qc2 d5 33. Nxd5 Nxd5 34. Rxd5
f4 35. Bf2 Rd6 36. Rc5 Qa5 37. g4 Rd2 38. Qe4 Qa1+ 39. Kg2 Qb2 40. Qe1 Re2 41.
Qf1 Ra8 0-1

[Event "3rd Ideon Andron Open 2014"]
[Site "Anogia GRE"]
[Date "2014.08.05"]
[Round "8.10"]
[White "Panagiotopoulos, Alexandros"]
[Black "Drakaki, Anna-Maria"]
[Result "1-0"]
[WhiteElo "2135"]
[BlackElo "1916"]
[WhiteFideId "4207076"]
[BlackFideId "4225210"]
[EventDate "2014.07.30"]

1. e4 c5 2. Nf3 d6 3. d4 cxd4 4. Nxd4 Nf6 5. Nc3 a6 6. Bg5 Nbd7 7. f4 Qc7 8. f5
b5 9. Be2 b4 10. Nd5 Nxd5 11. exd5 Bb7 12. O-O Bxd5 13. Bf3 Bxf3 14. Qxf3 Rc8
15. a3 Ne5 16. Qe4 Qc4 17. axb4 Nc6 18. Be3 g6 19. b3 Qxb4 20. Ra4 Qb7 21. Rc4
Kd7 22. fxg6 fxg6 23. Qe6+ Kd8 24. Nxc6+ Rxc6 25. Rxc6 Qxc6 26. Bc1 1-0

[Event "3rd Ideon Andron Open 2014"]
[Site "Anogia GRE"]
[Date "2014.08.06"]
[Round "9.1"]
[White "Narayanan, Srinath"]
[Black "Pap, Misa"]
[Result "1-0"]
[WhiteTitle "IM"]
[BlackTitle "GM"]
[WhiteElo "2419"]
[BlackElo "2514"]
[WhiteFideId "5018420"]
[BlackFideId "921610"]
[EventDate "2014.07.30"]

1. e4 c5 2. Nf3 d6 3. Bb5+ Nd7 4. O-O a6 5. Bd3 Ngf6 6. Re1 e5 7. c3 Be7 8. Bc2
b5 9. d4 O-O 10. Nbd2 Re8 11. a4 Bb7 12. b3 Bf8 13. Bb2 Qc7 14. Bd3 Qb6 15. d5
Nh5 16. g3 g6 17. Qe2 c4 18. bxc4 bxa4 19. Ba3 Qc7 20. Bc2 Nb6 21. c5 dxc5 22.
Nc4 Nxc4 23. Qxc4 Bd6 24. Nd2 Rf8 25. Qxa4 f5 26. exf5 gxf5 27. Nc4 Rf7 28. Rab1
Bxd5 29. Nb6 Bc6 30. Nxa8 Bxa8 31. Qe8+ Rf8 32. Qxh5 Qc6 33. f3 c4 34. Bxd6 Qxd6
35. Bxf5 Rf7 36. Rxe5 1-0

[Event "3rd Ideon Andron Open 2014"]
[Site "Anogia GRE"]
[Date "2014.08.06"]
[Round "9.2"]
[White "Swapnil, S. Dhopade"]
[Black "Anurag, Mhamal"]
[Result "1/2-1/2"]
[WhiteTitle "IM"]
[BlackTitle "IM"]
[WhiteElo "2421"]
[BlackElo "2405"]
[WhiteFideId "5019184"]
[BlackFideId "5024366"]
[EventDate "2014.07.30"]

1. d4 Nf6 2. c4 e5 3. dxe5 Ng4 4. Bf4 Nc6 5. Nf3 Bb4+ 6. Nc3 Qe7 7. Qd5 Bxc3+ 8.
bxc3 f6 9. exf6 Nxf6 10. Qd3 d6 11. g3 Be6 12. Bg2 Rd8 13. O-O O-O 14. Nd4 Ne5
15. Qc2 Bxc4 16. Bxb7 Qf7 17. Bg2 Rde8 18. Rae1 a6 19. Nb3 Qh5 1/2-1/2

[Event "3rd Ideon Andron Open 2014"]
[Site "Anogia GRE"]
[Date "2014.08.06"]
[Round "9.3"]
[White "Goumas, Georgios"]
[Black "Kourkoulos-Arditis, Stamatis"]
[Result "1-0"]
[BlackTitle "FM"]
[WhiteElo "2371"]
[BlackElo "2330"]
[WhiteFideId "4208935"]
[BlackFideId "4221990"]
[EventDate "2014.07.30"]

1. e4 c5 2. Nf3 e6 3. d4 cxd4 4. Nxd4 Nf6 5. Nc3 d6 6. Be3 Be7 7. Be2 Nc6 8. g4
h6 9. h4 a6 10. Rg1 g5 11. Qd2 Nxd4 12. Qxd4 e5 13. Qd3 gxh4 14. O-O-O Be6 15.
f4 Qa5 16. Kb1 exf4 17. Bxf4 O-O-O 18. Nd5 Bxd5 19. exd5 Kb8 20. Qf5 Qb6 21.
Rgf1 Nd7 22. Rf3 Nc5 23. Be3 Bg5 24. Bd4 Rhe8 25. Bf1 Qa5 26. Bc3 Qc7 27. Qxf7
Re7 28. Qg6 Ne4 29. Be1 Bd2 30. Bxh4 Rc8 31. c4 Re5 32. Bd3 Ka8 33. Bxe4 Qxc4
34. Bc2 Qe2 35. Rff1 Rxd5 36. Qe4 Qb5 37. a4 Qa5 38. Rf5 1-0

[Event "3rd Ideon Andron Open 2014"]
[Site "Anogia GRE"]
[Date "2014.08.06"]
[Round "9.4"]
[White "Antic, Dejan"]
[Black "Kotronias, Vasilios"]
[Result "1/2-1/2"]
[WhiteTitle "GM"]
[BlackTitle "GM"]
[WhiteElo "2479"]
[BlackElo "2564"]
[WhiteFideId "901008"]
[BlackFideId "5900212"]
[EventDate "2014.07.30"]

1. d4 Nf6 2. c4 g6 3. Nc3 Bg7 4. e4 d6 5. Nf3 O-O 6. Be2 e5 7. O-O Nc6 8. d5 Ne7
9. b4 a5 10. bxa5 Rxa5 11. a4 c5 12. Ra3 Ne8 13. Nb5 Ra6 14. Nh4 h6 15. g3 Bd7
16. f4 exf4 17. gxf4 Nxd5 18. Nxg6 fxg6 19. Qxd5+ Kh7 20. e5 Bc6 21. Qd1 Qe7 22.
Qc2 dxe5 23. f5 Bd7 24. Bd3 gxf5 25. Bxf5+ Bxf5 26. Rxf5 Rg6+ 27. Rg3 e4 28.
Rxf8 Bxf8 29. Nc3 Nf6 30. Be3 Qe6 31. Rxg6 Kxg6 32. Qg2+ Kh7 33. Qf2 Bd6 34. h3
Qxh3 35. Qxf6 Qxe3+ 36. Kg2 Qg3+ 37. Kf1 Qh3+ 38. Kf2 Qg3+ 39. Kf1 Qd3+ 40. Kg2
Qc2+ 41. Kf1 Qd3+ 42. Kg2 Qf3+ 43. Qxf3 exf3+ 44. Kxf3 Kg6 45. Ne4 Bf8 46. Kf4
h5 47. a5 h4 48. Kg4 Be7 49. Nc3 Kf7 50. Nb5 Ke6 1/2-1/2

[Event "3rd Ideon Andron Open 2014"]
[Site "Anogia GRE"]
[Date "2014.08.06"]
[Round "9.5"]
[White "Milonakis, Georgios"]
[Black "Kasparov, Sergey"]
[Result "0-1"]
[BlackTitle "GM"]
[WhiteElo "2151"]
[BlackElo "2460"]
[WhiteFideId "4206320"]
[BlackFideId "13500481"]
[EventDate "2014.07.30"]

1. Nf3 Nf6 2. g3 b5 3. Bg2 Bb7 4. d4 e6 5. O-O c5 6. c3 Be7 7. Re1 O-O 8. Nbd2
cxd4 9. cxd4 Nc6 10. e4 Nb4 11. e5 Nfd5 12. Ne4 Rc8 13. Re2 f5 14. exf6 Nxf6 15.
Nfg5 Nxe4 16. Nxe4 Nd5 17. h4 h6 18. Rc2 Kh8 19. Rxc8 Qxc8 20. Qh5 Qe8 21. Qxe8
Rxe8 22. Nc5 Bxc5 23. dxc5 Bc6 24. Bxd5 Bxd5 25. Be3 Kg8 26. a3 Bf3 27. Re1 e5
28. Bf4 e4 29. Re3 g5 30. Bd6 Kf7 31. Kf1 Ke6 32. Rb3 a6 33. a4 Kd5 34. axb5
axb5 35. Ra3 Kc4 36. Ke1 b4 37. Ra7 e3 38. fxe3 Rxe3+ 39. Kf2 Rb3 40. hxg5 hxg5
41. Rxd7 Bc6 42. Rg7 Rxb2+ 43. Ke3 Rb3+ 44. Kd2 Rd3+ 45. Kc1 Bf3 46. Re7 Rd1+
47. Kb2 g4 48. Bf4 Rh1 49. Re3 Rh2+ 50. Kb1 Kxc5 51. Kc1 Kc4 52. Re8 Bd5 53.
Rc8+ Kd3 54. Rd8 Kd4 55. Rb8 b3 56. Bd2 Rg2 57. Bf4 Kc3 58. Be5+ Kd3 59. Rc8 Ke4
60. Re8 Bc6 61. Re7 Kf5 62. Bh8 Rxg3 63. Kb2 Rd3 64. Bc3 Bd5 65. Rg7 g3 66. Be1
g2 67. Bb4 Rd4 68. Bc5 Rd2+ 69. Kc3 Rc2+ 70. Kd4 b2 0-1

[Event "3rd Ideon Andron Open 2014"]
[Site "Anogia GRE"]
[Date "2014.08.06"]
[Round "9.6"]
[White "Lirindzakis, Timotheos"]
[Black "Hristodoulou, Panagiotis"]
[Result "1/2-1/2"]
[WhiteTitle "IM"]
[WhiteElo "2271"]
[BlackElo "2242"]
[WhiteFideId "4200381"]
[BlackFideId "4214340"]
[EventDate "2014.07.30"]

1. d4 d5 2. c4 c6 3. cxd5 cxd5 4. Bf4 Nf6 5. Nc3 Nc6 6. e3 a6 7. Bd3 Bg4 8. Nge2
e6 9. O-O Be7 10. Rc1 O-O 11. Na4 Nd7 12. a3 Bh5 13. Bg3 Rc8 14. f3 Bg6 15. Nf4
b5 16. Nxg6 hxg6 17. Nc5 Nxc5 18. dxc5 Bh4 19. Bd6 Be7 20. Bg3 Bh4 21. Bd6 1/2-1/2

[Event "3rd Ideon Andron Open 2014"]
[Site "Anogia GRE"]
[Date "2014.08.06"]
[Round "9.7"]
[White "Lekic, Dusan"]
[Black "Panagiotopoulos, Alexandros"]
[Result "1-0"]
[WhiteTitle "IM"]
[WhiteElo "2433"]
[BlackElo "2135"]
[WhiteFideId "905330"]
[BlackFideId "4207076"]
[EventDate "2014.07.30"]

1. d4 d5 2. c4 dxc4 3. e4 Nf6 4. e5 Nd5 5. Bxc4 Nb6 6. Bd3 Nc6 7. Ne2 Bg4 8. Be3
e6 9. Nbc3 Nb4 10. Be4 N4d5 11. O-O Be7 12. Qd3 Qd7 13. Rfc1 Bh5 14. Nxd5 Nxd5
15. h3 Bg6 16. Ng3 O-O 17. Rf1 Rfd8 18. Qb3 Bxe4 19. Nxe4 b6 20. Rad1 h6 21. Bc1
Rac8 22. Qg3 Kh8 23. Rd3 c5 24. Rf3 Qe8 25. dxc5 Bxc5 26. Qh4 Be7 27. Nf6 Qf8
28. Bg5 Rc5 29. Ne4 Bxg5 30. Nxg5 Rc7 31. Nxf7+ 1-0

[Event "3rd Ideon Andron Open 2014"]
[Site "Anogia GRE"]
[Date "2014.08.06"]
[Round "9.8"]
[White "Galanos, Dimitrios"]
[Black "Galopoulos, Nikolaos"]
[Result "1/2-1/2"]
[WhiteElo "2124"]
[BlackElo "2361"]
[WhiteFideId "4206754"]
[BlackFideId "4208951"]
[EventDate "2014.07.30"]

1. e4 c5 2. Nf3 d6 3. c3 Nf6 4. h3 g6 5. Bd3 Bg7 6. Bc2 O-O 7. O-O b5 8. d4 cxd4
9. cxd4 Bb7 10. Nbd2 Nbd7 11. Qe2 a6 12. e5 Nd5 13. e6 Nf4 14. exf7+ Rxf7 15.
Qd1 e6 16. Ne4 Bxe4 17. Bxe4 d5 18. Bc2 Qe7 19. h4 Raf8 20. Ng5 Bxd4 21. g3 Ne2+
22. Qxe2 Rxf2 23. Rxf2 Rxf2 24. Qxe6+ Qxe6 25. Nxe6 Bb6 26. Bb3 Nf6 27. Ng5 Ng4
28. Bxd5+ Kh8 29. Be6 h5 30. Bxg4 hxg4 31. Kh1 Rf1+ 32. Kg2 Rf2+ 33. Kh1 Rf1+
34. Kg2 Rg1+ 35. Kh2 Re1 36. Nf7+ Kh7 37. Nh6 Be3 38. Nxg4 Bxc1 39. Kh3 Kg7 40.
Nf2 Re2 41. Rxc1 Rxf2 42. Rc7+ Kf6 43. Rc6+ Kg7 44. Rxa6 Rxb2 45. Kg4 Rc2 46.
Rb6 Rc4+ 47. Kg5 Rc5+ 48. Kf4 Rc4+ 49. Kg5 Rc5+ 50. Kg4 Rc4+ 51. Kg5 1/2-1/2

[Event "3rd Ideon Andron Open 2014"]
[Site "Anogia GRE"]
[Date "2014.08.06"]
[Round "9.9"]
[White "Malikentzos, Sotirios"]
[Black "Makka, Evanthia"]
[Result "1-0"]
[WhiteTitle "FM"]
[WhiteElo "2352"]
[BlackElo "2117"]
[WhiteFideId "4215079"]
[BlackFideId "4207513"]
[EventDate "2014.07.30"]

1. Nf3 g6 2. c4 Bg7 3. Nc3 e5 4. d4 exd4 5. Nxd4 Ne7 6. Bg5 h6 7. Bh4 d6 8. e3
g5 9. Bg3 Nbc6 10. Nxc6 Nxc6 11. h4 Bf5 12. Bd3 Bxd3 13. Qxd3 Ne5 14. Qe4 Qe7
15. Nd5 Qd7 16. Bxe5 dxe5 17. O-O-O Qd6 18. hxg5 hxg5 19. Rxh8+ Bxh8 20. Nc3 Qc6
21. Qh7 Ke7 22. Nd5+ Ke6 23. Qh3+ f5 24. Qh6+ Kf7 25. Qh7+ Bg7 26. Qxf5+ Ke8 27.
Qxg5 Qxc4+ 28. Kb1 Kf7 29. Qf5+ 1-0